[Event "HUN-chT2 Erkel 1011"]
[Site "Hungary"]
[Date "2011.05.15"]
[Round "11.12"]
[White "Vecsernyes, Norbert"]
[Black "Makai, Gabor"]
[Result "1-0"]
[WhiteElo "1887"]
[BlackElo "1706"]
[PlyCount "63"]
[EventDate "2010.09.12"]
[EventType "team-tourn"]
[EventRounds "11"]
[EventCountry "HUN"]
[SourceTitle "EXT 2012"]
[Source "ChessBase"]
[SourceDate "2011.11.24"]
[SourceVersion "1"]
[SourceVersionDate "2011.11.24"]
[SourceQuality "1"]
[WhiteTeam "Dunaharaszti II"]
[BlackTeam "Pestszentlorinc"]
[WhiteTeamCountry "HUN"]
[BlackTeamCountry "HUN"]

1. d4 d5 2. c4 dxc4 3. e3 Nf6 4. Bxc4 e6 5. Nf3 Nc6 6. 0-0 Be7 7. Nc3 0-0 8. e4 Bb4 9. Re1 b6 10. Bg5 h6 11. e5 hxg5 12. exf6 Qxf6 13. Ne5 Nxe5 14. dxe5 Qf4 15. Re4 Qf5 16. Bd3 Bxc3 17. bxc3 Bb7 18. Rh4 gxh4 19. Bxf5 exf5 20. Qh5 g6 21. Qxh4 Rfe8 22. Re1 Rad8 23. f4 Rd2 24. Re3 Rxg2+ 25. Kf1 Rg4 26. Qh6 Rd8 27. e6 Ba6+ 28. Ke1 Rg1+ 29. Kf2 Rf1+ 30. Kg2 Rd2+ 31. Kh3 Bc4 32. e7 1-0

[Event "HUN-chT2 Erkel 1011"]
[Site "Hungary"]
[Date "2011.05.01"]
[Round "10.12"]
[White "Makai, Gabor"]
[Black "Kocsis, Daniel"]
[Result "1-0"]
[WhiteElo "1706"]
[BlackElo "1242"]
[PlyCount "97"]
[EventDate "2010.09.12"]
[EventType "team-tourn"]
[EventRounds "11"]
[EventCountry "HUN"]
[SourceTitle "EXT 2012"]
[Source "ChessBase"]
[SourceDate "2011.11.24"]
[SourceVersion "1"]
[SourceVersionDate "2011.11.24"]
[SourceQuality "1"]
[WhiteTeam "Pestszentlorinc"]
[BlackTeam "Ujszasz"]
[WhiteTeamCountry "HUN"]
[BlackTeamCountry "HUN"]

1. e4 e5 2. Nf3 d6 3. Nc3 Nf6 4. Bc4 Be7 5. 0-0 0-0 6. d3 Nc6 7. Be3 Bg4 8. h3 Bd7 9. Qd2 Na5 10. Bb3 Nxb3 11. axb3 a6 12. d4 exd4 13. Bxd4 Bc6 14. Rfe1 Re8 15. Rad1 Nd7 16. Qf4 Bf6 17. Qg4 Bxd4 18. Nxd4 Ne5 19. Nxc6 bxc6 20. Qe2 Qf6 21. Ra1 a5 22. Ra4 Nd7 23. Rea1 Qe5 24. b4 Reb8 25. Rxa5 Rxa5 26. Rxa5 Qd4 27. b5 Qb4 28. Ra7 Qxb2 29. bxc6 Qxc3 30. cxd7 g6 31. Qa6 Rb1+ 32. Kh2 Qe5+ 33. g3 Qxe4 34. d8Q+ Kg7 35. Qa1+ Rxa1 36. Rxa1 Qxc2 37. Kg1 Qb2 38. Re1 Qd2 39. Rb1 c5 40. Qc7 Qd3 41. Qb6 c4 42. Qb5 d5 43. h4 Qe4 44. Rd1 c3 45. Rxd5 Qe1+ 46. Qf1 Qe4 47. Rd1 Qc2 48. Rc1 Qb2 49. Qd1 1-0